Vnútorná motivácia, autonómia a medziľudské vzťahy ako základné prvky súčasného vodcovstva v organizáciách

Tajomstvo vysokého výkonu a spokojnosti v práci.

Salvato in:
Dettagli Bibliografici
Autore principale: Ljudvigová, Ivana
Natura: Capitolo di libro
Lingua:slovacco
Soggetti:
Tags: Aggiungi Tag
Nessun Tag, puoi essere il primo ad aggiungerne!!

MARC

LEADER 00000naa a2200000 4500
001 0204825
005 20240502073423.1
041 0 |a slo 
044 |a SK 
245 1 0 |a Vnútorná motivácia, autonómia a medziľudské vzťahy ako základné prvky súčasného vodcovstva v organizáciách  |c Ivana Ljudvigová 
520 |a Tajomstvo vysokého výkonu a spokojnosti v práci. 
610 2 0 |a motivácia pracovná 
610 2 0 |a výkony pracovné 
610 2 0 |a výkonnosť podniku 
610 2 0 |a riadenie ľudských zdrojov 
610 2 0 |a tímy pracovné 
100 1 |a Ljudvigová, Ivana